[Event "SWE-chB"]
[Site "Helsingborg"]
[Date "2021.07.10"]
[Round "8"]
[White "Thorn, Eric"]
[Black "Furhoff, Johan"]
[Result "1/2-1/2"]
[WhiteElo "2271"]
[BlackElo "2324"]
[PlyCount "82"]
[EventDate "2021.07.03"]
[EventType "tourn"]
[EventRounds "9"]
[EventCountry "SWE"]
[EventCategory "3"]
[SourceTitle "CBM 203 Extra"]
[Source "ChessBase"]
[SourceDate "2021.09.30"]
[SourceVersion "1"]
[SourceVersionDate "2021.09.30"]
[SourceQuality "1"]

1. e4 c6 2. d4 d5 3. e5 Bf5 4. Nd2 e6 5. Nb3 Nd7 6. Nf3 Ne7 7. Be2 Ng6 8. 0-0 h5 9. Be3 f6 10. exf6 gxf6 11. Bd3 Be4 12. Re1 Be7 13. Bc1 f5 14. Ne5 Ngxe5 15. dxe5 Bxd3 16. Qxd3 c5 17. c4 Nb6 18. Na5 Qc7 19. cxd5 Nxd5 20. Qb5+ Kf7 21. Nxb7 Rab8 22. Nd6+ Qxd6 23. exd6 Rxb5 24. dxe7 Kxe7 25. Bg5+ Kd6 26. Rad1 Rg8 27. Bf6 Rg6 28. Be5+ Kc6 29. Rd3 Ra5 30. a3 Ra4 31. f3 a5 32. Rc1 h4 33. Kf2 f4 34. Rd4 Nb6 35. Rd6+ Kb5 36. Rd8 Rg5 37. Bc7 Nd5 38. Rb8+ Kc6 39. Bd8 Rg8 40. Bc7 Rg5 41. Bd8 Rg8 1/2-1/2

[Event "SWE-chB"]
[Site "Helsingborg"]
[Date "2021.07.04"]
[Round "2"]
[White "Furhoff, Johan"]
[Black "Bellon Lopez, Juan Manuel"]
[Result "1-0"]
[WhiteElo "2324"]
[BlackElo "2327"]
[PlyCount "117"]
[EventDate "2021.07.03"]
[EventType "tourn"]
[EventRounds "9"]
[EventCountry "SWE"]
[EventCategory "3"]
[SourceTitle "CBM 203 Extra"]
[Source "ChessBase"]
[SourceDate "2021.09.30"]
[SourceVersion "1"]
[SourceVersionDate "2021.09.30"]
[SourceQuality "1"]

1. e4 c5 2. Nf3 e6 3. d4 cxd4 4. Nxd4 Nc6 5. Nc3 Qc7 6. Ndb5 Qb8 7. Be3 b6 8. f4 a6 9. Nd4 Qc7 10. Nb3 b5 11. Be2 Bb7 12. 0-0 Rc8 13. Bf3 Na5 14. Nxa5 Qxa5 15. e5 Qc7 16. Ne4 Bxe4 17. Bxe4 f5 18. Bf3 Bc5 19. Bxc5 Qxc5+ 20. Rf2 Ne7 21. a4 b4 22. Bb7 Rc7 23. Bxa6 0-0 24. Qd6 Nd5 25. Qxc5 Rxc5 26. Bb5 Rd8 27. Rd1 Kf7 28. Rd4 Ke7 29. Bc4 d6 30. exd6+ Rxd6 31. Rfd2 Rdc6 32. Bb3 h6 33. h4 Kf6 34. Kf2 g5 35. hxg5+ hxg5 36. fxg5+ Kxg5 37. Bxd5 Rxd5 38. Rxd5 exd5 39. Ke3 Rc4 40. b3 Re4+ 41. Kd3 Kf6 42. c3 Ke5 43. cxb4 Rxb4 44. Kc3 Rg4 45. Rf2 Rg8 46. a5 d4+ 47. Kc4 Rc8+ 48. Kb5 d3 49. a6 Rc2 50. a7 Rxf2 51. a8Q d2 52. Qa1+ Ke4 53. Kc4 Rxg2 54. Qd4+ Kf3 55. Kc3 f4 56. b4 Kg3 57. b5 f3 58. b6 Re2 59. b7 1-0

[Event "Rilton Cup 49th"]
[Site "Stockholm"]
[Date "2020.01.02"]
[Round "6"]
[White "Carlsson, Ludvig"]
[Black "Furhoff, Johan"]
[Result "0-1"]
[WhiteElo "2215"]
[BlackElo "2327"]
[PlyCount "34"]
[EventDate "2019.12.27"]
[EventType "swiss"]
[EventRounds "9"]
[EventCountry "SWE"]
[SourceTitle "CBM 194 Extra"]
[Source "ChessBase"]
[SourceDate "2020.03.31"]
[SourceVersion "1"]
[SourceVersionDate "2020.03.31"]
[SourceQuality "1"]

1. e4 e5 2. f4 exf4 3. Nf3 d6 4. b3 Be7 5. Bc4 Bh4+ 6. Kf1 Bf6 7. d4 Nc6 8. c3 g5 9. h4 h6 10. hxg5 hxg5 11. Bxf7+ Kxf7 12. Nxg5+ Kg6 13. Rxh8 Bxh8 14. Nf3 Qf6 15. Nbd2 Nh6 16. Qc2 Kf7 17. Nc4 Bg4 0-1

[Event "SWE-chT 1819 Superettan"]
[Site "Sweden"]
[Date "2019.03.29"]
[Round "7"]
[White "Agrest, Inna"]
[Black "Furhoff, Johan"]
[Result "1-0"]
[WhiteElo "2275"]
[BlackElo "2337"]
[PlyCount "99"]
[EventDate "2018.11.09"]
[EventType "team-tourn"]
[EventRounds "9"]
[EventCountry "SWE"]
[SourceTitle "EXT 2020"]
[Source "ChessBase"]
[SourceDate "2019.10.17"]
[SourceVersion "1"]
[SourceVersionDate "2019.10.17"]
[SourceQuality "1"]
[WhiteTeam "Alingsas"]
[BlackTeam "Sodra"]
[WhiteTeamCountry "SWE"]
[BlackTeamCountry "SWE"]

1. e4 e5 2. Nf3 Nc6 3. Bb5 a6 4. Ba4 d6 5. c3 f5 6. exf5 Bxf5 7. 0-0 Bd3 8. Re1 Be7 9. Re3 e4 10. Ne1 Nf6 11. Nxd3 exd3 12. Rxd3 0-0 13. Rh3 d5 14. d4 Qd7 15. Be3 Ng4 16. Bc2 g6 17. Nd2 Rae8 18. Nf3 Bf6 19. Qd3 Ne7 20. Bd2 Nf5 21. Re1 c6 22. Qf1 Nd6 23. Rxe8 Rxe8 24. Rg3 Ne4 25. Bxe4 dxe4 26. h3 exf3 27. hxg4 fxg2 28. Qc4+ Kg7 29. g5 Bd8 30. Bf4 Bc7 31. Bxc7 Qxc7 32. d5 c5 33. b4 Rc8 34. bxc5 Qxc5 35. Qe4 Rf8 36. Rf3 Rxf3 37. Qxf3 Qe7 38. Qe3 Qd7 39. Qd4+ Kf7 40. Qf6+ Kg8 41. d6 Qh3 42. Qd8+ Kf7 43. Qc7+ Kf8 44. Qb8+ Kf7 45. Qxb7+ Kf8 46. Qxg2 Qxc3 47. Qa8+ Kg7 48. Qb7+ Kf8 49. Qb8+ Kf7 50. Qc7+ 1-0

[Event "Rilton Cup 48th"]
[Site "Stockholm"]
[Date "2018.12.31"]
[Round "5"]
[White "Soumya, Swaminathan"]
[Black "Furhoff, Johan"]
[Result "0-1"]
[WhiteElo "2428"]
[BlackElo "2332"]
[PlyCount "82"]
[EventDate "2018.12.27"]
[EventType "swiss"]
[EventRounds "9"]
[EventCountry "SWE"]
[SourceTitle "CBM 188 Extra"]
[Source "ChessBase"]
[SourceDate "2019.02.26"]
[SourceVersion "1"]
[SourceVersionDate "2019.02.26"]
[SourceQuality "1"]

1. e4 e5 2. Nf3 Nc6 3. Bb5 a6 4. Ba4 d6 5. c3 f5 6. Qe2 fxe4 7. Qxe4 Nf6 8. Qe2 Be7 9. Bb3 e4 10. Ng5 d5 11. d4 h6 12. Nh3 Bxh3 13. gxh3 Qd7 14. h4 0-0-0 15. Bf4 Qf5 16. Bg3 Nh5 17. Bd1 g6 18. Qe3 Rdf8 19. h3 Nxg3 20. fxg3 h5 21. Nd2 g5 22. Bxh5 Rxh5 23. g4 Qf4 24. Qxf4 gxf4 25. gxh5 Bxh4+ 26. Kd1 f3 27. Nf1 Ne7 28. Ne3 Bg5 29. Ng4 Nf5 30. Kc2 Rh8 31. h6 Bxh6 32. Nxh6 Rxh6 33. Kd2 e3+ 34. Kd3 f2 35. h4 Re6 36. Ke2 Ng3+ 37. Kf3 Nxh1 38. Rxh1 Rg6 39. Rf1 Rg1 40. Ke2 Rxf1 41. Kxf1 Kd7 0-1

[Event "SWE-chB"]
[Site "Ronneby"]
[Date "2018.07.07"]
[Round "8"]
[White "Rydstrom, Tom"]
[Black "Furhoff, Johan"]
[Result "1-0"]
[WhiteElo "2314"]
[BlackElo "2332"]
[PlyCount "79"]
[EventDate "2018.06.30"]
[EventType "tourn"]
[EventRounds "9"]
[EventCountry "SWE"]
[EventCategory "3"]
[SourceTitle "CBM 185 Extra"]
[Source "ChessBase"]
[SourceDate "2018.07.29"]
[SourceVersion "1"]
[SourceVersionDate "2018.07.29"]
[SourceQuality "1"]

1. e4 e5 2. Nf3 Nc6 3. Bb5 a6 4. Ba4 Nf6 5. 0-0 b5 6. Bb3 Bb7 7. Nc3 Be7 8. d3 0-0 9. Nd5 Na5 10. Nxe7+ Qxe7 11. Nh4 Nxb3 12. axb3 d5 13. Nf5 Qe6 14. f3 g6 15. Ne3 Rad8 16. Qe2 c5 17. c4 d4 18. Nd5 Nxd5 19. cxd5 Qe7 20. Bd2 f5 21. Rfc1 Rc8 22. Rc2 Kg7 23. Rac1 Rfe8 24. Qe1 b4 25. Ra1 Qd6 26. Qh4 f4 27. g3 Rf8 28. Re1 Rf7 29. gxf4 exf4 30. Bc1 Re8 31. Rg2 h6 32. Kh1 g5 33. Reg1 Qf6 34. Qh5 Bc8 35. h4 Rh8 36. Rh2 g4 37. fxg4 f3 38. g5 Qd6 39. Rf2 Kf8 40. g6 1-0

[Event "SWE-chB"]
[Site "Ronneby"]
[Date "2018.07.02"]
[Round "3"]
[White "Furhoff, Johan"]
[Black "Malmstig, Erik"]
[Result "1-0"]
[WhiteElo "2332"]
[BlackElo "2336"]
[PlyCount "77"]
[EventDate "2018.06.30"]
[EventType "tourn"]
[EventRounds "9"]
[EventCountry "SWE"]
[EventCategory "3"]
[SourceTitle "CBM 185 Extra"]
[Source "ChessBase"]
[SourceDate "2018.07.29"]
[SourceVersion "1"]
[SourceVersionDate "2018.07.29"]
[SourceQuality "1"]

1. e4 c5 2. Nc3 e6 3. Nf3 a6 4. d4 cxd4 5. Nxd4 Qc7 6. Bd3 Nf6 7. f4 Nc6 8. Nxc6 Qxc6 9. Qe2 Bb4 10. Bd2 d5 11. e5 Ng8 12. 0-0-0 h5 13. Nb5 Bc5 14. Bc3 Bd7 15. Nd6+ Bxd6 16. exd6 Nf6 17. Be5 0-0-0 18. Kb1 Kb8 19. Rhe1 Rc8 20. Rc1 Qb6 21. c4 Ka8 22. f5 dxc4 23. Bxc4 Nd5 24. fxe6 fxe6 25. Bxg7 Rhg8 26. Be5 Bc6 27. g3 Rg4 28. h3 Rgg8 29. Qxh5 Rcf8 30. Qh7 Rg5 31. d7 Ne3 32. Qh6 Rfg8 33. d8Q+ Rxd8 34. Qxg5 Be4+ 35. Ka1 Nc2+ 36. Rxc2 Bxc2 37. Bc3 Qd6 38. a3 b5 39. Bxe6 1-0

[Event "Rilton Cup 47th"]
[Site "Stockholm"]
[Date "2018.01.05"]
[Round "9"]
[White "Furhoff, Johan"]
[Black "Golikov, Daniil"]
[Result "1-0"]
[WhiteElo "2315"]
[BlackElo "2220"]
[PlyCount "123"]
[EventDate "2017.12.27"]
[EventType "swiss"]
[EventRounds "9"]
[EventCountry "SWE"]
[SourceTitle "CBM 182 Extra"]
[Source "ChessBase"]
[SourceDate "2018.02.23"]
[SourceVersion "1"]
[SourceVersionDate "2018.02.23"]
[SourceQuality "1"]

1. e4 e6 2. d4 d5 3. Nd2 dxe4 4. Nxe4 Nd7 5. Nf3 Ngf6 6. Bd3 Be7 7. c3 0-0 8. 0-0 b6 9. Re1 Bb7 10. Nxf6+ Nxf6 11. Bg5 c5 12. Bxf6 Bxf6 13. dxc5 bxc5 14. Be4 Bxe4 15. Rxe4 Qb6 16. Re2 Rfd8 17. Qa4 g6 18. Rd1 Rxd1+ 19. Qxd1 Qa6 20. a3 Rb8 21. Rd2 Qc4 22. Qe2 Qf4 23. g3 Qf5 24. Kg2 g5 25. h3 h5 26. Nh2 Qg6 27. g4 h4 28. Nf1 Qb1 29. Ne3 Be5 30. Nd5 Bg7 31. Ne7+ Kh7 32. Nc6 Rb7 33. Na5 Rc7 34. Nc4 Qg6 35. Rd6 Bf8 36. Ne5 Qf6 37. Rd3 Bg7 38. Qe4+ Kh6 39. Nc4 Qe7 40. Nd6 Bf6 41. Qa8 Be5 42. Nc4 Bf6 43. Rd6 Kg7 44. a4 Qf8 45. Qe4 Qe8 46. a5 Qb5 47. Kf3 Qa4 48. Rd2 Kg8 49. Nd6 Qd7 50. Ke2 Qc6 51. Qxc6 Rxc6 52. Ne4 Kg7 53. Rd7 Ra6 54. b4 cxb4 55. cxb4 Kg6 56. Kd3 Be5 57. Kc4 Rc6+ 58. Nc5 a6 59. Ra7 Rd6 60. Rxa6 Rd4+ 61. Kb5 Rd2 62. Ra8 1-0

[Event "Rilton Cup 47th"]
[Site "Stockholm"]
[Date "2018.01.02"]
[Round "6"]
[White "Raahul, VS."]
[Black "Furhoff, Johan"]
[Result "1/2-1/2"]
[WhiteElo "2175"]
[BlackElo "2315"]
[PlyCount "92"]
[EventDate "2017.12.27"]
[EventType "swiss"]
[EventRounds "9"]
[EventCountry "SWE"]
[SourceTitle "CBM 182 Extra"]
[Source "ChessBase"]
[SourceDate "2018.02.23"]
[SourceVersion "1"]
[SourceVersionDate "2018.02.23"]
[SourceQuality "1"]

1. c4 e5 2. Nc3 Nc6 3. Nf3 f5 4. d4 e4 5. Ng5 Bb4 6. Nh3 Nf6 7. Bg5 h6 8. Bxf6 Qxf6 9. e3 Bxc3+ 10. bxc3 b6 11. Be2 0-0 12. 0-0 Ba6 13. Nf4 Na5 14. Qa4 c6 15. Rfb1 g5 16. c5 Bb5 17. Bxb5 cxb5 18. Qxb5 gxf4 19. exf4 d5 20. cxb6 axb6 21. Qxd5+ Kg7 22. Qb5 Rab8 23. Re1 Rbc8 24. Re3 Nc4 25. Rg3+ Kh7 26. Rb1 Qc6 27. Qb4 Rf7 28. a4 Ra8 29. Ra1 Re8 30. Rd1 e3 31. fxe3 Nxe3 32. Rb1 Rg7 33. Qxb6 Qxc3 34. Rxg7+ Kxg7 35. Qb7+ Kh8 36. Qb5 Re7 37. Qc5 Qxc5 38. dxc5 Nd5 39. c6 Kg7 40. Rb5 Nxf4 41. Rxf5 Ne6 42. Rb5 Nc7 43. Rc5 Kf7 44. Kf2 Ke6 45. g4 Nd5 46. c7 Rxc7 1/2-1/2

[Event "Rilton Cup 47th"]
[Site "Stockholm"]
[Date "2018.01.01"]
[Round "5"]
[White "Furhoff, Johan"]
[Black "Can, Melih Kaan"]
[Result "1-0"]
[WhiteElo "2315"]
[BlackElo "2168"]
[PlyCount "109"]
[EventDate "2017.12.27"]
[EventType "swiss"]
[EventRounds "9"]
[EventCountry "SWE"]
[SourceTitle "CBM 182 Extra"]
[Source "ChessBase"]
[SourceDate "2018.02.23"]
[SourceVersion "1"]
[SourceVersionDate "2018.02.23"]
[SourceQuality "1"]

1. e4 c5 2. Nc3 Nc6 3. g3 e6 4. Bg2 Nge7 5. Nf3 d5 6. d3 g6 7. h4 h6 8. exd5 exd5 9. Bf4 Bg7 10. Qd2 Be6 11. 0-0 Nf5 12. Nb5 0-0 13. Nc7 Rc8 14. Nxe6 fxe6 15. Rae1 Qf6 16. Ne5 Nxe5 17. Bxe5 Qf7 18. c3 b5 19. Bxg7 Kxg7 20. Re5 Rc6 21. Rfe1 Rd8 22. Bh3 Qf6 23. Qe2 d4 24. h5 dxc3 25. bxc3 Rcd6 26. hxg6 Ne7 27. Rxe6 Rxe6 28. Qxe6 Nxg6 29. Qe4 Rf8 30. Qe3 Qxc3 31. Rc1 Qd4 32. Rxc5 Qxe3 33. fxe3 Rf3 34. Rc7+ Kf6 35. Rc6+ Kg7 36. Re6 Rxg3+ 37. Kh2 Rf3 38. d4 Rf2+ 39. Kg3 Rxa2 40. Bf5 Nh8 41. e4 Nf7 42. Rg6+ Kf8 43. Be6 Ra3+ 44. Kf4 b4 45. e5 Ng5 46. Bd5 Rd3 47. Rxh6 Rxd4+ 48. Kxg5 Rxd5 49. Kf6 Kg8 50. e6 Rd2 51. e7 Re2 52. Rg6+ Kh7 53. Rg7+ Kh8 54. Rg5 b3 55. Re5 1-0

[Event "Rilton Cup 47th"]
[Site "Stockholm"]
[Date "2017.12.29"]
[Round "3"]
[White "Furhoff, Johan"]
[Black "Kulaots, Kaido"]
[Result "0-1"]
[WhiteElo "2315"]
[BlackElo "2579"]
[PlyCount "80"]
[EventDate "2017.12.27"]
[EventType "swiss"]
[EventRounds "9"]
[EventCountry "SWE"]
[SourceTitle "CBM 182 Extra"]
[Source "ChessBase"]
[SourceDate "2018.02.23"]
[SourceVersion "1"]
[SourceVersionDate "2018.02.23"]
[SourceQuality "1"]

1. e4 c6 2. d4 d5 3. Nd2 dxe4 4. Nxe4 Bf5 5. Ng3 Bg6 6. Bc4 e6 7. N1e2 Nf6 8. 0-0 Nbd7 9. f4 Nb6 10. Bb3 Qd7 11. a4 Be7 12. a5 Nbd5 13. c4 Nb4 14. f5 Bxf5 15. Nxf5 exf5 16. Bd2 0-0 17. Bxb4 Bxb4 18. c5 Ng4 19. Rf3 Qc7 20. g3 Bxa5 21. h3 Nh6 22. Bc2 Bb4 23. Bxf5 Nxf5 24. Rxf5 Rfe8 25. Rf2 Rad8 26. Qc2 a5 27. Qc4 Rd7 28. Raf1 Ree7 29. Kg2 Qd8 30. h4 Rd5 31. Rd1 Bxc5 32. Nc3 b5 33. Qxd5 cxd5 34. dxc5 d4 35. Rfd2 Qa8+ 36. Kh2 Qc6 37. Rxd4 h6 38. Nd5 Re2+ 39. Kh3 Qe6+ 40. g4 Qe5 0-1

[Event "Rilton Cup 46th"]
[Site "Stockholm"]
[Date "2017.01.02"]
[Round "6"]
[White "Furhoff, Johan"]
[Black "Ask, Josef"]
[Result "1/2-1/2"]
[WhiteElo "2311"]
[BlackElo "2201"]
[PlyCount "85"]
[EventDate "2016.12.27"]
[EventType "swiss"]
[EventRounds "9"]
[EventCountry "SWE"]
[SourceTitle "CBM 176 Extra"]
[Source "ChessBase"]
[SourceDate "2017.03.02"]
[SourceVersion "1"]
[SourceVersionDate "2017.03.02"]
[SourceQuality "1"]

1. e4 e5 2. Nf3 Nc6 3. Bb5 g6 4. c3 Nge7 5. 0-0 Bg7 6. d4 exd4 7. cxd4 d5 8. exd5 Nxd5 9. Re1+ Be6 10. Ne5 Qd6 11. Nd2 0-0 12. Ne4 Qb4 13. Bxc6 bxc6 14. Nxc6 Qb6 15. Qc2 Rfe8 16. Qc5 f5 17. Qxb6 axb6 18. Ng5 Bd7 19. Ne5 Bxe5 20. Rxe5 Nb4 21. Rxe8+ Bxe8 22. Ne6 Rxa2 23. Rxa2 Nxa2 24. Bd2 c6 25. Kf1 Bf7 26. Ng5 Bd5 27. b4 h6 28. Nh3 g5 29. f4 g4 30. Nf2 Kf7 31. Nd1 Ke6 32. Ne3 Be4 33. Kf2 b5 34. Kg3 Kf6 35. Kh4 Kg6 36. h3 h5 37. Kg3 Kf6 38. Kf2 Ke6 39. Kg3 Kf6 40. Kh4 Kg6 41. hxg4 hxg4 42. g3 Bf3 43. Nc2 1/2-1/2

[Event "Rilton Cup 46th"]
[Site "Stockholm"]
[Date "2016.12.28"]
[Round "2"]
[White "Furhoff, Johan"]
[Black "Akesson, Ralf"]
[Result "0-1"]
[WhiteElo "2311"]
[BlackElo "2417"]
[PlyCount "98"]
[EventDate "2016.12.27"]
[EventType "swiss"]
[EventRounds "9"]
[EventCountry "SWE"]
[SourceTitle "CBM 176 Extra"]
[Source "ChessBase"]
[SourceDate "2017.03.02"]
[SourceVersion "1"]
[SourceVersionDate "2017.03.02"]
[SourceQuality "1"]

1. e4 e6 2. d4 d5 3. Nd2 c5 4. exd5 exd5 5. Ngf3 Nf6 6. Bb5+ Bd7 7. Bxd7+ Nbxd7 8. 0-0 Be7 9. dxc5 Nxc5 10. Nb3 Nce4 11. Nfd4 Qd7 12. f3 Nd6 13. Nc5 Qc8 14. Nd3 0-0 15. Re1 Re8 16. Bf4 Bf8 17. Rxe8 Qxe8 18. Qd2 Qa4 19. c3 Re8 20. Be5 Nc4 21. b3 Nxd2 22. bxa4 Nd7 23. Bf4 Nc4 24. Rb1 Ndb6 25. Kf2 g6 26. Nb5 Bg7 27. Nc5 Re7 28. a5 Nxa5 29. Bd6 Re8 30. Nxa7 Nbc4 31. Nb5 Nxd6 32. Nxd6 Ra8 33. Nb5 Nc4 34. Nxb7 Rxa2+ 35. Kg1 Ne3 36. g3 Rg2+ 37. Kh1 Rf2 38. Re1 Rxf3 39. Nc5 h5 40. Nd4 Bxd4 41. cxd4 Kg7 42. Nd3 f6 43. Nf4 g5 44. Ne2 Ng4 45. h3 Ne3 46. Kg1 Kg6 47. h4 Kf5 48. hxg5 fxg5 49. Kh2 Kg4 0-1

[Event "Rilton Cup 46th"]
[Site "Stockholm"]
[Date "2016.12.27"]
[Round "1"]
[White "Goganov, Aleksey"]
[Black "Furhoff, Johan"]
[Result "1/2-1/2"]
[WhiteElo "2637"]
[BlackElo "2311"]
[PlyCount "119"]
[EventDate "2016.12.27"]
[EventType "swiss"]
[EventRounds "9"]
[EventCountry "SWE"]
[SourceTitle "CBM 176 Extra"]
[Source "ChessBase"]
[SourceDate "2017.03.02"]
[SourceVersion "1"]
[SourceVersionDate "2017.03.02"]
[SourceQuality "1"]

1. c4 e5 2. g3 Nc6 3. Bg2 f5 4. Nc3 Nf6 5. e3 d5 6. cxd5 Nb4 7. d3 Nfxd5 8. Nxd5 Nxd5 9. Ne2 Bb4+ 10. Bd2 Bxd2+ 11. Qxd2 0-0 12. 0-0 Be6 13. Rad1 f4 14. exf4 exf4 15. Bxd5 Bxd5 16. Nxf4 Bxa2 17. Rfe1 Qd6 18. d4 Bb3 19. Rc1 c6 20. Re5 Rad8 21. Qe3 Bf7 22. Rd1 Rfe8 23. Re1 Rf8 24. Rd1 Rfe8 25. Rd3 Qb4 26. Ne6 Bxe6 27. Rxe6 Rxe6 28. Qxe6+ Kh8 29. Rb3 Qxd4 30. Rxb7 c5 31. Qc6 h6 32. Rxa7 Qxb2 33. Rf7 Qd4 34. Rf5 c4 35. Rf4 Qd1+ 36. Kg2 Qd5+ 37. Qxd5 Rxd5 38. Rxc4 h5 39. h3 g6 40. Rc7 Kg8 41. g4 hxg4 42. hxg4 Ra5 43. Kg3 Rb5 44. Kf4 Ra5 45. Re7 Rb5 46. Re5 Rb7 47. Kg5 Kg7 48. f4 Ra7 49. Rb5 Rc7 50. Rb6 Rc5+ 51. f5 gxf5 52. gxf5 Rc7 53. Rg6+ Kf7 54. Rh6 Kg7 55. Rg6+ Kf7 56. Rh6 Kg7 57. f6+ Kg8 58. Kg6 Ra7 59. Rh1 Rg7+ 60. fxg7 1/2-1/2

[Event "Izmir MTS IM 5th"]
[Site "Izmir"]
[Date "2016.07.02"]
[Round "10.5"]
[White "Yurtseven, Melih"]
[Black "Furhoff, Johan"]
[Result "1/2-1/2"]
[WhiteElo "2318"]
[BlackElo "2296"]
[PlyCount "36"]
[EventDate "2016.06.28"]
[EventType "schev"]
[EventRounds "10"]
[EventCountry "TUR"]
[SourceTitle "CBM 173 Extra"]
[Source "ChessBase"]
[SourceDate "2016.08.29"]
[SourceVersion "1"]
[SourceVersionDate "2016.08.29"]
[SourceQuality "1"]
[WhiteTeam "Ephesus II"]
[BlackTeam "Ephesus"]
[WhiteTeamCountry "TUR"]
[BlackTeamCountry "TUR"]

1. e4 e5 2. Nf3 Nc6 3. Bc4 Nf6 4. d3 Be7 5. Bb3 0-0 6. 0-0 d5 7. exd5 Nxd5 8. h3 a5 9. a3 Kh8 10. Re1 f6 11. d4 a4 12. Ba2 Nb6 13. d5 Na5 14. Qd3 c6 15. c4 Be6 16. Nc3 Bf7 17. Rd1 cxd5 18. cxd5 Bg6 1/2-1/2

[Event "Stockholm op"]
[Site "Stockholm"]
[Date "2014.06.01"]
[Round "9"]
[White "Malmstig, Erik"]
[Black "Furhoff, Johan"]
[Result "1/2-1/2"]
[WhiteElo "2258"]
[BlackElo "2325"]
[PlyCount "139"]
[EventDate "2014.05.28"]
[EventType "swiss"]
[EventRounds "9"]
[EventCountry "SWE"]
[SourceTitle "CBM 160 Extra"]
[Source "ChessBase"]
[SourceDate "2014.07.01"]
[SourceVersion "1"]
[SourceVersionDate "2014.07.01"]
[SourceQuality "1"]

1. Nf3 Nc6 2. d4 d5 3. g3 Bg4 4. Bg2 e6 5. 0-0 Bd6 6. c4 Nf6 7. Nc3 0-0 8. b3 Bb4 9. Bb2 Ne4 10. Nxe4 dxe4 11. Ne1 f5 12. f3 exf3 13. exf3 Bh5 14. Nc2 Bd6 15. Qe1 e5 16. dxe5 Bc5+ 17. Kh1 f4 18. b4 Qd3 19. Rc1 Be3 20. Nxe3 fxe3 21. g4 Bg6 22. b5 Ne7 23. Rc3 Qd2 24. Ba3 Rae8 25. Qxe3 Qxe3 26. Rxe3 Rf4 27. Rc3 Bf7 28. e6 Bxe6 29. Re1 Ng6 30. Bc1 Rd4 31. f4 Nxf4 32. Bxf4 Rxf4 33. Rce3 Kf7 34. Bxb7 Rxg4 35. Bc6 Re7 36. h3 Rg5 37. Kh2 Kf6 38. h4 Rg4 39. Bd5 Rxh4+ 40. Kg1 Rg4+ 41. Kf2 Bxd5 42. Rxe7 Rxc4 43. Rd7 Be6 44. Rd8 h5 45. Rf8+ Ke7 46. Rf5 g6 47. Rfe5 Rf4+ 48. Kg3 Rf6 49. Rc5 Kd8 50. Rc6 h4+ 51. Kxh4 Rf4+ 52. Kg3 Rg4+ 53. Kf3 Bf5 54. Ra6 Rb4 55. a4 Kc8 56. Rxa7 Kb8 57. Ra6 Kb7 58. Re7 Bc2 59. Rc6 Bxa4 60. Rcxc7+ Kb6 61. Rb7+ Ka5 62. Rb8 Bd1+ 63. Ke3 Rxb5 64. Ra8+ Kb4 65. Re4+ Kb3 66. Rd4 Bc2 67. Kd2 Bf5 68. Re8 Rb4 69. Re3+ Ka4 70. Rxb4+ 1/2-1/2

[Event "Rilton Cup 43rd"]
[Site "Stockholm"]
[Date "2014.01.05"]
[Round "9"]
[White "Furhoff, Johan"]
[Black "Urkedal, Frode Olav Olsen"]
[Result "0-1"]
[WhiteElo "2318"]
[BlackElo "2492"]
[PlyCount "78"]
[EventDate "2013.12.27"]
[EventType "swiss"]
[EventRounds "9"]
[EventCountry "SWE"]
[SourceTitle "CBM 158 Extra"]
[Source "ChessBase"]
[SourceDate "2014.02.28"]
[SourceVersion "1"]
[SourceVersionDate "2014.02.28"]
[SourceQuality "1"]

1. e4 e5 2. f4 exf4 3. Nf3 Be7 4. Bc4 Nf6 5. e5 Ng4 6. d4 Bh4+ 7. Kf1 Ne3+ 8. Bxe3 fxe3 9. Qd3 0-0 10. Nc3 Nc6 11. Qe4 Bf2 12. Bd3 g6 13. d5 Nb8 14. d6 cxd6 15. exd6 Qb6 16. Nd5 Qxd6 17. h4 Nc6 18. h5 b5 19. Nxe3 Bxe3 20. Qxe3 Qf6 21. Re1 Bb7 22. Bxb5 Qxb2 23. Bxc6 Bxc6 24. Nd4 Rae8 25. Qxe8 Rxe8 26. Rxe8+ Kg7 27. Rh4 Qc1+ 28. Kf2 f5 29. Re7+ Kf6 30. Rxh7 g5 31. Rh6+ Kf7 32. Ne2 Qxc2 33. Rh3 f4 34. Rc3 Qxa2 35. Rc5 Qb2 36. Rh7+ Kg8 37. Re7 Qb6 38. Ree5 d6 39. Rxg5+ Kh7 0-1

[Event "Rilton Cup 43rd"]
[Site "Stockholm"]
[Date "2014.01.03"]
[Round "7"]
[White "Furhoff, Johan"]
[Black "Eggleston, David"]
[Result "1/2-1/2"]
[WhiteElo "2318"]
[BlackElo "2434"]
[PlyCount "122"]
[EventDate "2013.12.27"]
[EventType "swiss"]
[EventRounds "9"]
[EventCountry "SWE"]
[SourceTitle "CBM 158 Extra"]
[Source "ChessBase"]
[SourceDate "2014.02.28"]
[SourceVersion "1"]
[SourceVersionDate "2014.02.28"]
[SourceQuality "1"]

1. e4 c5 2. Nf3 d6 3. d4 cxd4 4. Nxd4 Nf6 5. Nc3 a6 6. Bg5 Nbd7 7. Bc4 e6 8. 0-0 Qb6 9. Qd2 Qxb2 10. Bxe6 fxe6 11. Nxe6 Kf7 12. a3 Qb6 13. Nd5 Qa7 14. Nd8+ Ke8 15. Ne6 Kf7 16. Nd8+ Ke8 17. e5 dxe5 18. Rad1 h6 19. Be3 b6 20. Ne6 Qb7 21. Ndc7+ Ke7 22. Qd6+ Kf7 23. Nd8+ Kg6 24. Nxb7 Bxd6 25. Nxd6 Ra7 26. Nd5 Nxd5 27. Rxd5 Rc7 28. Rfd1 Nf6 29. Rxe5 Rc6 30. Nxc8 Rhxc8 31. h3 b5 32. f4 Rxc2 33. f5+ Kh7 34. Rd6 Re2 35. Bd4 Rd2 36. Re7 Kg8 37. Ree6 Nh5 38. Be5 Re2 39. Bd4 Nf4 40. Rxe2 Nxe2+ 41. Kh2 Nxd4 42. Rxd4 Rb8 43. Rd3 a5 44. Kg3 b4 45. axb4 axb4 46. Rb3 Kf7 47. Kf4 Rb5 48. g4 h5 49. Kg5 g6 50. Kh6 gxf5 51. g5 Rb6+ 52. Kh7 Rb7 53. h4 Ke6+ 54. Kg6 f4 55. Kxh5 Kf5 56. Kh6 Rb6+ 57. Kh7 Rb7+ 58. Kh6 Rb8 59. g6 Kf6 60. Kh7 Rb7+ 61. Kh6 Rb8 1/2-1/2

[Event "Rilton Cup 43rd"]
[Site "Stockholm"]
[Date "2014.01.01"]
[Round "5"]
[White "Furhoff, Johan"]
[Black "Blomqvist, Erik"]
[Result "1-0"]
[WhiteElo "2318"]
[BlackElo "2519"]
[PlyCount "81"]
[EventDate "2013.12.27"]
[EventType "swiss"]
[EventRounds "9"]
[EventCountry "SWE"]
[SourceTitle "CBM 158 Extra"]
[Source "ChessBase"]
[SourceDate "2014.02.28"]
[SourceVersion "1"]
[SourceVersionDate "2014.02.28"]
[SourceQuality "1"]

1. e4 c5 2. Nf3 d6 3. d4 cxd4 4. Nxd4 Nf6 5. Nc3 a6 6. Bg5 e6 7. f4 Qb6 8. Qd3 Nc6 9. 0-0-0 Nxd4 10. Qxd4 Qxd4 11. Rxd4 Bd7 12. Be2 Bc6 13. Bf3 Be7 14. Rhd1 0-0-0 15. a4 h6 16. Bxf6 Bxf6 17. Rxd6 Rxd6 18. Rxd6 Bxc3 19. bxc3 Bxa4 20. e5 Kc7 21. c4 a5 22. Kb2 Ra8 23. h4 Ra7 24. Be4 Bc6 25. Bxc6 bxc6 26. Rd3 Kb6 27. h5 Kc5 28. Rg3 Kxc4 29. Rxg7 Rb7+ 30. Ka2 Kc3 31. Rg8 Rb2+ 32. Ka3 Rxc2 33. g4 Rc1 34. Ka2 Kd4 35. Rg7 Rg1 36. g5 hxg5 37. fxg5 Kxe5 38. h6 Rg2+ 39. Kb3 Rg4 40. h7 Rh4 41. Rxf7 1-0